Managerial economics / (Record no. 147515)

MARC details
000 -LEADER
fixed length control field 00535nam a22001817a 4500
005 - DATE AND TIME OF LATEST TRANSACTION
control field 20171118105557.0
010 ## - LCCN (DPL NO)
LC control number ENG-121447
020 ## - INTERNATIONAL STANDARD BOOK NUMBER
International Standard Book Number 9789325986688
Terms of availability 550.00
035 ## - SYSTEM CONTROL NUMBER
System control number EN-104979
037 ## - SOURCE OF ACQUISITION
Source of stock number/acquisition DBAD/PUB
082 ## - DEWEY DECIMAL CLASSIFICATION NUMBER
Classification number 338.5024658
100 ## - MAIN ENTRY--PERSONAL NAME
Personal name Dwivedi, D. N.
245 ## - TITLE STATEMENT
Title Managerial economics /
Statement of responsibility, etc by D. N. Dwivedi
260 ## - PUBLICATION, DISTRIBUTION, ETC. (IMPRINT)
Place of publication, distribution, etc Noida
Name of publisher, distributor, etc Vikas Publishing House
Date of publication, distribution, etc 2017
270 ## - ADDRESS
Address E-28, Sector 8,
City Noida (UP)
Postal code 201301
300 ## - PHYSICAL DESCRIPTION
Extent xxxii,831p. :
Dimensions 24cm(pbk)
Other physical details ill.
942 ## - ADDED ENTRY ELEMENTS (KOHA)
Source of classification or shelving scheme Dewey Decimal Classification
Item type English Books
Classification part 338.5024658
Call number suffix DWI
Holdings
Withdrawn status Lost status Not for loan Collection code Home library Current library Date acquired Source of acquisition Cost, normal purchase price Full call number Barcode Copy number Cost, replacement price Koha item type
    Not For Loan Non-fiction D.B.Act.Division Bawana 17/11/2017 DBAD/PUB 550.00 338.5024658 DWI EN-104979 1 550.00 English Books

© Delhi Public Library
Hit Counter
free hit counter